|
|
|
|
| LEADER |
00000nam2a2200000 4500 |
| 001 |
136533 |
| 005 |
20231101220626.0 |
| 035 |
|
|
|a (RuTPU)RU\TPU\book\147975
|
| 090 |
|
|
|a 136533
|
| 100 |
|
|
|a 20080424d1960 k y0rusy50 ca
|
| 101 |
0 |
|
|a rus
|
| 102 |
|
|
|a RU
|
| 105 |
|
|
|a a z 001zy
|
| 200 |
0 |
|
|a Т. 6
|f отв. ред. Д. П. Сердюченко
|
| 210 |
|
|
|d 1960
|
| 215 |
|
|
|a 742 с., [1] вкл. л.
|c ил.
|d 26 см.
|
| 320 |
|
|
|a Основная литература по гранитным пегматитам: с. 487-489.
|
| 320 |
|
|
|a Главнейшая литература по пегматитам: с. 660-692.
|
| 320 |
|
|
|a Приложение I. Обзор полей гранитных пегматитов Союза и сопредельных стран: с. 490-616.
|
| 320 |
|
|
|a Приложение II. Полезные ископаемые гранитных пегматитов: с. 617-644.
|
| 320 |
|
|
|a Приложение III. Письменная структура гранитных пегматитов: с. 645-658.
|
| 320 |
|
|
|a Указатель минералов и горных пород: с. 695-714.
|
| 320 |
|
|
|a Указатель географических названий: с. 715-726.
|
| 320 |
|
|
|a Указатель авторов: с. 727-739.
|
| 461 |
|
1 |
|0 (RuTPU)RU\TPU\book\66605
|t Избранные труды
|f А. Е. Ферсман
|g Академия Наук СССР ; гл. ред. Д. И. Щербаков
|v Т. 6
|d 1952-1962
|
| 606 |
1 |
|
|a Минералогия
|2 stltpush
|3 (RuTPU)RU\TPU\subj\43907
|9 63333
|
| 610 |
1 |
|
|a геология
|
| 610 |
1 |
|
|a пегматиты
|
| 610 |
1 |
|
|a полезные ископаемые
|
| 610 |
1 |
|
|a история
|
| 610 |
1 |
|
|a изучение
|
| 675 |
|
|
|a 549
|v 3
|
| 702 |
|
1 |
|a Сердюченко
|b Д. П.
|g Дмитрий Петрович
|4 340
|
| 801 |
|
1 |
|a RU
|b 63413507
|c 20080424
|g PSBO
|
| 801 |
|
2 |
|a RU
|b 63413507
|c 20220811
|g PSBO
|
| 942 |
|
|
|c BK
|